| 000 | 00572nam a22001817a 4500 | ||
|---|---|---|---|
| 003 | OSt | ||
| 005 | 20250818085510.0 | ||
| 008 | 250818b |||||||| |||| 00| 0 eng d | ||
| 020 | _a971-086140-9 | ||
| 040 |
_aDWCL-Main Lib _cOC |
||
| 082 | _aFil. 657.45 H224a 2001 | ||
| 100 | _aHarina, Ricardo M. | ||
| 245 |
_aAuditing problems: _bcomprehensive daily review and self-test for CPA reviewees _cRicardo M. Harina |
||
| 260 |
_aMandaluyong City : _bNational Book Store, _c c2001 |
||
| 300 |
_a166 pages; _c25 cm. |
||
| 650 | _aAuditing. | ||
| 942 |
_2ddc _cBK - FIL _kFil. _n0 |
||
| 999 |
_c4026 _d4026 |
||